000 00461nam a2200181Ia 4500
005 20250326141532.0
008 250326s9999 xx 000 0 und d
037 _aTextbook
040 _aFMSL
_beng
_cFMSL
041 _aeng
_2eng
084 _qFMSL
100 _aDeal Ralhf M
_9744662
245 0 _aGetting to know LISP
_cDeal Ralhf M
260 _aUSA
_bUSA, WCB WMC Brown Pub.
_c1991
300 _a319p
942 _cTB
999 _c1290759
_d1290759